000 00266nam a2200109Ia 4500
008 240625s9999 xx 000 0 und d
041 _aeng
082 _a658.155 JOR
100 _aJORION PHILIPPE
245 _aFINANCIAL RISK MANAGER HANDBOOK FRM PART
260 _c2014
999 _c40343
_d40343